000 01292nam a2200325 i 4500
001 13237
003 KOSZ 005
005 20191207081035.0
008 171118s1970 pl a f 000 0 pol
040 _aWA N
_cWA N
_dKOSZ 005/RW
041 1 _apol
_hfre
100 1 _aKourganoff, Vladimir
_d(1912-2006).
_eAutor
245 1 0 _aWtajemniczenie w teorię względności /
_cVladimir Kourganoff ; [tł. Marcin Kubiak].
246 1 _iTyt. oryg.:
_aInitiation á la théorie de la relativité
260 _aWarszawa :
_bWiedza Powszechna,
_c1970.
300 _a175, [1] stron :
_bilustracje ;
_c18 cm.
336 _aTekst
_btxt
_2rdacontent
337 _aBez urządzenia pośredniczącego
_bn
_2rdamedia
338 _aWolumin
_bnc
_2rdacarrier
380 _aKsiążki
490 1 _aOmega : Biblioteka Wiedzy Współczesnej ;
_v168
658 _aFizyka i astronomia
655 4 _aWydawnictwa popularne
650 4 _aTeoria względności
700 1 _aKubiak, Marcin Antoni.
_eTłumaczenie
710 2 _aPaństwowe Wydawnictwo Wiedza Powszechna
_4pbl.
830 0 _aOmega : Biblioteka Wiedzy Współczesnej
_v168
856 _uhttp://koha.tu.koszalin.pl/cgi-bin/koha/opac-detail.pl?biblionumber=13237
_yKatalog online BPK
942 _cKS
_2UKD
999 _c13237
_d13237